000
00265nam a22001217a 4500
008
170713b xxu||||| |||| 00| 0 eng d
041
_a
eng
080
_a
17
100
_a
17
101
_a
FIL
245
_a
THE PHILOSOPHY MATHEMATICS
_c
KORNER.S
942
_2
udc
_c
BK
999
_c
20611
_d
20611